000
00343 a2200169 4500
001
190652
020
_a
978-85-00-02211-1
040
_c
Magnum
100
_a
Kalil, Gloria
240
1
0
_a
Alô, chics!
_l
por
245
1
0
_a
Alô, chics!
300
_a
221
362
0
_a
2007
440
1
_a
Ediouro
697
_a
LITERATURA GERAL
942
_c
BK
999
_c
190652
_d
190652